| 000 | 00929nam a2200217 a 4500 | ||
|---|---|---|---|
| 001 | 000021406 | ||
| 005 | 20200930011323.0 | ||
| 008 | 100907s1992 dr ad r 000 0 spa d | ||
| 040 |
_aDO-SdBNP _bspa _cBNPHU |
||
| 082 |
_a352.48 _bR426p, 1992 |
||
| 110 | 1 |
_aRepública Dominicana _bSecretariado Técnico de la Presidencia _bOficina Nacional de Presupuesto _932266 |
|
| 245 | 1 | 0 | _aPresupuesto de ingresos y ley de gastos públicos del Gobierno Central 1992. |
| 260 |
_aSanto Domingo : _bSecretariado Técnico de la Presidencia, _c1992. |
||
| 300 |
_av. : _bil. ; _c28 cm. |
||
| 590 | _aInventariado, 2018/BT | ||
| 650 | 4 |
_aPresupuesto _zRepública Dominicana _97940 |
|
| 651 | 4 |
_aRepública Dominicana _xGastos Presupuestados Públicos _y1992 _944667 |
|
| 650 | 4 |
_aHacienda pública _zRepública Dominicana _96562 |
|
| 650 | 4 |
_aPresupuesto _xLegislación _zRepública Dominicana _933735 |
|
| 910 | _aValidado. Control de calidad. MMOLINA | ||
| 999 |
_c20906 _d20906 |
||